| 000 | 05060cjm a2201033 i 4500 | ||
|---|---|---|---|
| 001 | ocm19492289 | ||
| 003 | OCoLC | ||
| 005 | 20210521174722.0 | ||
| 007 | sd zunznnmlne| | ||
| 008 | 920221s1989 caucynn n eng d | ||
| 010 | _a 92753070 | ||
| 040 |
_aIArlh _beng _erda _cDLC _dGK8 _dBTCTA _dCDS _dOCLCO _dOCLCF _dOCL _dOCLCQ _dUMK _dOCL _dNLC _dOCLCQ _dJO3 _dWACOL |
||
| 015 |
_a900530650 _2can |
||
| 016 | _a(AMICUS)000009633707 | ||
| 024 | 1 | _a075992577625 | |
| 028 | 0 | 2 |
_a9 25776-2 _bReprise |
| 029 | 1 |
_aAU@ _b000042092278 |
|
| 029 | 1 |
_aNZ1 _b145714 |
|
| 029 | 1 |
_aNZ1 _b3710974 |
|
| 029 | 1 |
_aNLC _b000009633707 |
|
| 035 | _a(OCoLC)19492289 | ||
| 042 | _alccopycat | ||
| 050 | 0 | 0 | _aSDB 36380 |
| 050 | 4 |
_aM1630.18.H37 _bB58 1989 |
|
| 055 | 0 | 1 | _aM1627 |
| 082 | 0 | 4 | _a784.52 |
| 084 |
_acci1icc _2lacc |
||
| 092 |
_aCD _bHarris |
||
| 049 | _aWACL | ||
| 245 | 0 | 0 |
_aBluebird / _cEmmylou Harris. |
| 264 | 1 |
_a[Burbank, CA] : _bReprise Records, _c[1989] |
|
| 264 | 4 | _c�1989 | |
| 300 |
_a1 audio disc : _bdigital ; _c4 3/4 in. |
||
| 336 | _aperformed music | ||
| 337 | _aaudio | ||
| 338 | _aaudio disc | ||
| 344 |
_adigital _boptical _2rda |
||
| 347 |
_aaudio file _bCD audio _2rda |
||
| 500 | _aTitle from disc label. | ||
| 500 | _aFolk- rock songs and country songs. | ||
| 511 | 0 | _aEmmylou Harris, acoustic guitar, rhythm electric guitar, percussion, vocals ; Kieran Kane, mandolin ; Mandolin Orchestra ; Richard Bennett, acoustic guitar, electric guitar, 6-string guitar, 12-string guitar, 6-string bass, percussion ; Steve Fishell, pedal steel, acoustic dobro ; Michael Henderson, electric slide guitar ; Bonnie Raitt, electric slide guitar, background vocals ; David Pomeroy, acoustic bass, electric bass, upright electric bass ; Kate McGarrigle, accordion, background vocals ; Glen D. Hardin, acoustic piano, ensonic synthesizer ; Carl Marsh, B-3 organ, synthesizer ; Billy Thomas, drums, percussion, background vocals ; Kenny Malone, percussion ; Emory Gordy, Jr., string arrangements ; Anna McGarrigle, Ashley Cleveland, Harry Stinson, Donivan Cowart, Barry Tashian, Pam Rose, Mary Ann Kennedy, background vocals. | |
| 518 |
_oRecorded _pDigital Recorders. |
||
| 508 | _aProduced by Richard Bennett and Emmylou Harris. | ||
| 500 | _aCompact disc. | ||
| 500 | _aProgram notes and credits (7 p.) on container insert. | ||
| 505 | 0 | 0 |
_tHeaven only knows / _rPaul Kennerley _g(3:36) -- _tYou've been on my mind / _rRodney Crowell _g(2:54) -- _tIcy blue heart / _rJohn Hiatt _g(4:08) -- _tLove is / _rKate McGarrigle, Anna McGarrigle, Jane McGarrigle _g(3:53) -- _tNo regrets / _rTom Rush _g(5:38) -- _tLonely street / _rCarl Belew, W.S. Stevenson, Kenny Sowder _g(3:14) -- _tHeartbreak hill / _rEmmylou Harris, Paul Kennerley _g(3:12) -- _tI still miss someone / _rJohnny Cash, Roy Cash, Jr. _g(2:51) -- _tA river for him / _rEmmylou Harris _g(5:02) -- _tIf you were a bluebird / _rGeorge Hancock _g(4:44). |
| 521 |
_aCD _bDonation |
||
| 650 | 0 |
_aCountry music _y1981-1990. _994920 |
|
| 650 | 0 | _aFolk-rock music. | |
| 650 | 7 |
_aCountry music. _2fast _0(OCoLC)fst00881424 |
|
| 650 | 7 |
_aFolk-rock music. _2fast _0(OCoLC)fst00930303 _96418652 |
|
| 650 | 6 |
_aMusique country. _95829264 |
|
| 648 | 7 |
_a1981-1990 _2fast _95766088 |
|
| 655 | 7 |
_aCountry music. _2fast _0(OCoLC)fst01726574 |
|
| 655 | 7 |
_aFolk-rock music. _2fast _0(OCoLC)fst01726619 _95872843 |
|
| 655 | 7 |
_aCountry music. _2lcgft _96418653 |
|
| 655 | 7 |
_aFolk-rock music. _2lcgft _95872843 |
|
| 655 | 4 |
_aCompact discs. _95675080 |
|
| 700 | 1 |
_aHarris, Emmylou, _eproducer, _einstrumentalist, _esinger. _919977 |
|
| 700 | 1 |
_aKane, Kieran, _einstrumentalist. _96418654 |
|
| 700 | 1 |
_aBennett, Richard _c(Guitarist), _einstrumentalist. _96418655 |
|
| 700 | 1 |
_aHenderson, Mike _c(Guitarist), _einstrumentalist. _96418656 |
|
| 700 | 1 |
_aRaitt, Bonnie, _einstrumentalist, _esinger. _935068 |
|
| 700 | 1 |
_aPomeroy, Dave, _d1956- _einstrumentalist. _96418657 |
|
| 700 | 1 |
_aMcGarrigle, Kate, _ecomposer, _elyricist, _einstrumentalist, _esinger. _96418658 |
|
| 700 | 1 |
_aHardin, Glen D., _einstrumentalist. _96418659 |
|
| 700 | 1 |
_aMarsh, Carl, _einstrumentalist. _96418660 |
|
| 700 | 1 |
_aMalone, Kenny, _einstrumentalist. _96418661 |
|
| 700 | 1 |
_aGordy, Emory, _earranger. _96418662 |
|
| 700 | 1 |
_aMcGarrigle, Anna, _ecomposer, _elyricist, _esinger. _96418663 |
|
| 700 | 1 |
_aCleveland, Ashley, _esinger. _96259614 |
|
| 700 | 1 |
_aStinson, Harry, _esinger. _96418664 |
|
| 700 | 1 |
_aTashian, Barry, _esinger. _96418665 |
|
| 700 | 1 |
_aRose, Pam, _esinger. _96418666 |
|
| 700 | 1 |
_aKennedy, Mary Ann, _esinger. _96418667 |
|
| 710 | 2 |
_aMandolin Orchestra, _einstrumentalist. _96418668 |
|
| 740 | 0 | 2 | _aHeaven only knows. |
| 740 | 0 | 2 | _aYou've been on my mind. |
| 740 | 0 | 2 | _aIcy blue heart. |
| 740 | 0 | 2 | _aLove is. |
| 740 | 0 | 2 | _aNo regrets. |
| 740 | 0 | 2 | _aLonely street. |
| 740 | 0 | 2 | _aHeartbreak hill. |
| 740 | 0 | 2 | _aI still miss someone. |
| 740 | 0 | 2 | _aRiver for him. |
| 740 | 0 | 2 | _aIf you were a bluebird. |
| 938 |
_aBaker and Taylor _bBTCP _nbe2001024516 |
||
| 994 |
_aC0 _bWACOL |
||
| 999 |
_c361951 _d361951 |
||